000 00504cam a2200157 4500500
005 20260329002819.0
041 _afre
042 _adc
100 1 0 _aCussó, Roser
_eauthor
700 1 0 _aPorta, J.
_eauthor
245 0 0 _aFront matter
260 _c2025.
500 _a5
786 0 _nHistoire, Europe et relations internationales | - | 2 | 2025-12-15 | p. 2-5
856 4 1 _uhttps://shs.cairn.info/journal-histoire-europe-et-relations-internationales-2025-2-page-2?lang=en&redirect-ssocas=7080
999 _c1818667
_d1818667